Los Santos Evangelios de nuestro señor Jesucristo / (Record no. 69833)

MARC details
000 -LEADER
campo de control de longitud fija 00864nam a2200229 i 4500
001 - NÚMERO DE CONTROL
campo de control 69833
003 - IDENTIFICADOR DE NÚMERO DE CONTROL
campo de control ES-MaACL
005 - FECHA Y HORA DE LA ÚLTIMA TRANSACCIÓN
campo de control 20230906170632.0
007 - CAMPO FIJO DE DESCRIPCIÓN FÍSICA--INFORMACIÓN GENERAL
campo de control de longitud fija t|
008 - DATOS DE LONGITUD FIJA--INFORMACIÓN GENERAL
campo de control de longitud fija 040712s1943 sp ||||1| spa d
130 0# - ENTRADA PRINCIPAL--TÍTULO UNIFORME
Título uniforme Biblia.
Nombre de parte o sección de la obra N.T.
-- Evangelios.
Lenguaje de la obra Español.
9 (RLIN) 119305
245 14 - MENCIÓN DEL TÍTULO
Título Los Santos Evangelios de nuestro señor Jesucristo /
Mención de responsabilidad, etc. versión directa del texto griego, introducción y comentarios por Daniel García Hugues ; prólogo de Leopoldo Eijo y Garay.
250 ## - MENCION DE EDICION
Mención de edición 2ª ed.
260 ## - PUBLICACIÓN, DISTRIBUCIÓN, ETC.
Lugar de publicación, distribución, etc. Madrid :
Nombre del editor, distribuidor, etc. Luz y Vida,
Fecha de publicación, distribución, etc. 1943.
300 ## - DESCRIPCIÓN FÍSICA
Extensión XLVII, 253 p. ;
Dimensiones 24 cm.
490 1# - MENCIÓN DE SERIE
Mención de serie Ediciones populares católicas de la Santa Biblia
700 1# - ENTRADA AGREGADA--NOMBRE PERSONAL
Nombre de persona García Hughes, Daniel.
9 (RLIN) 54782
700 1# - ENTRADA AGREGADA--NOMBRE PERSONAL
Nombre de persona Eijo y Garay, Leopoldo.
9 (RLIN) 46828
830 1# - PUNTO DE ACCESO ADICIONAL DE SERIE-TÍTULO UNIFORME
Título uniforme Ediciones populares católicas de la Santa Biblia
9 (RLIN) 231017
852 ## - LOCALIZACIÓN
Ubicación ES-MaACL
Número de control de estantería F-15548
Holdings
Estatus retirado Estado de pérdida Estado de daño No para préstamo Biblioteca de origen Biblioteca actual Ubicación en estantería Fecha de adquisición Fuente de adquisición Total de préstamos Signatura topográfica completa Código de barras Visto por última vez Precio de reemplazo Tipo de ítem Koha
        Biblioteca del Ateneo de Madrid Biblioteca del Ateneo de Madrid Sala Pecera Planta 2 17/01/2008     F-15548 1073125 23/02/2023 23/02/2023 Libro impreso